Estadísticas para Máximos goleadores de la Bundesliga 2021-2022

Haz click aquí para intentar la prueba.

Estadísticas generales

  • Esta prueba ha sido intentada 14 veces
  • La puntuación promedio es 5 de 10

Estadísticas de respuestas

GolesNacionalidadEquipoJugador% Correcto
35PoloniaBayern MúnichRobert Lewandowski
100%
22NoruegaBorussia DortmundErling Haaland
93%
24República ChecaBayer LeverkusenPatrik Schick
79%
20FranciaRB LeipzigChristopher Nkunku
71%
20FranciaF. C. ColoniaAnthony Modeste
57%
14AlemaniaBayern MúnichSerge Gnabry
50%
13FranciaBayer LeverkusenMoussa Diaby
21%
12AlemaniaBorussia MönchengladbachJonas Hofmann
7%
12AlemaniaWolfsburgoMax Kruse
7%
15NigeriaHertha BerlínAwoniyi
0%

Distribución de puntuación

Porcentaje por número respondido

Porcentaje de gente con cada puntuación

Historial de tus puntuaciones

No has intentado esta prueba.